LEADER 00833nam0 2200265 450 001 000029060 005 20120821133704.0 100 $a20120821d2005----km-y0itay50------ba 101 0 $aita 102 $aIT 105 $ay-------001yy 200 1 $aTrasporto pubblico locale$fConsiglio nazionale dell'economia e del lavoro 210 $aRoma$cCNEL$d2005 215 $a13 p.$d24 cm 225 2 $aPronunce CNEL$iOsservazioni e proposte$v079 410 0$12001$aPronunce CNEL$iOsservazioni e proposte 500 10$aTrasporto pubblico locale$941466 610 1 $aTrasporti pubblici$aItalia 676 $a388.4$v21 710 02$aCNEL$0353588 801 0$aIT$bUNIPARTHENOPE$c20120821$gRICA$2UNIMARC 912 $a000029060 951 $aCNEL/P 331/79$b43750$cNAVA1$d2012 996 $aTrasporto pubblico locale$941466 997 $aUNIPARTHENOPE LEADER 01075nam0-22003491i-450 001 990004236160403321 005 20200528072548.0 010 $a88-8223-033-3 035 $a000423616 035 $aFED01000423616 035 $a(Aleph)000423616FED01 035 $a000423616 100 $a19990604d1998----km-y0itay50------ba 101 0 $aita$aeng 105 $aa-------001yy 200 1 $aMusei per la scienza$espazi e luoghi dell'esporre scientifico e tecnico$d= Science museums$espaces of scientific and technical exhibition$fLuca Basso Peressut 210 $aMilano$cLybra$d1998 215 $a233 p.$cill.$d24 cm 610 0 $aMusei scientifici$aArchitettura 676 $a727.65$v21$zita 700 1$aBasso Peressut,$bLuca$09720 801 0$aIT$bUNINA$gRICA$2UNIMARC 901 $aBK 912 $a990004236160403321 952 $a727.65 BAS 1$bBibl.35822$fFLFBC 952 $aB 734 CAN$b3529 URB$fDARPU 952 $a13 D 62 22$b11709$fFINBC 959 $aFLFBC 959 $aDARPU 959 $aFINBC 996 $aMusei per la Scienza$973658 997 $aUNINA LEADER 01093cam0 22002653 450 001 SON0000977 005 20221019084102.0 100 $a20040211d1971 |||||ita|0103 ba 101 $aita 102 $aIT 200 1 $aSaggio sulla struttura formale del problema delle questioni preliminari nel diritto internazionale privato$fPaolo Picone 210 $aNapoli$cJovene$d1971 215 $a166 p.$d24 cm 225 2 $aPubblicazioni della Facoltà giuridica dell'Università di Bari$v31 410 1$1001LAEC00015297$12001 $a*Pubblicazioni della Facoltà giuridica dell'Università di Bari$v31 700 1$aPicone$b, Paolo$3AF00003658$4070$0132950 801 0$aIT$bUNISOB$c20221019$gRICA 850 $aUNISOB 852 $aUNISOB$j340$m101817 912 $aSON0000977 940 $aM 102 Monografia moderna SBN 941 $aM 957 $a340$b002415$fdono Picone$gSI$d101817$1carrano$2UNISOB$3UNISOB$420110718112005.0$520110718112116.0$6carrano 996 $aSaggio sulla struttura formale del problema delle questioni preliminari nel diritto internazionale privato$9808936 997 $aUNISOB